Game of Thrones - Bastard Names - Statistics

General Stats
  • This quiz has been taken 8,105 times
  • The average score is 5 of 9
Answer Stats
Hint Answer % Correct
North Snow
100%
Dorne Sand
89%
Riverlands Rivers
60%
Stormlands Storm
57%
Vale Stone
50%
Reach Flowers
47%
Crownlands Waters
41%
Iron Islands Pyke
33%
Westerlands Hill
28%
No matching quizzes found
Score Distribution
Percent of People with Each Score
Percentile by Number Answered
Your Score History
You have not taken this quiz